000 02009cam a2200373 i 4500
003 SA-RiAUC
005 20241212054323.0
008 241211s1978 ua a g b f001 0 ara c
020 _a9772474026
020 _z9776402247
024 0 _a00000000736794
040 _aAE-DuMBRL
_bara
_cSA-RiAUC
_erda
050 4 _b.H58 1978
050 1 4 _b.H3788 1978
082 0 4 _a252.5
_qSA-RiAUC
090 _a252.5
_bح ت هـ
100 1 _aحته، محمد كامل،
_d1912-1985
_eمؤلف.
245 1 0 _aفي ظلال الحرمين /
_cمحمد كامل حتة.
264 1 _aالقاهرة :
_bدار المعارف،
_c[1978]
300 _a447 صفحة :
_bإيضاحيات ؛
_c24 × 17 سم
336 _aنص
_btxt
_2rdacontent
_3كتاب
337 _aبدون وسيط
_bn
_2rdamedia
338 _aمجلد
_bnc
_2rdacarrier
500 _aتصميم الغلاف : نادية النحاس.
500 _aكشاف : صفحة 437-440.
504 _aببليوجرافية : صفحة 441-442.
520 _aكتاب "في ظلال الحرمين" تأليف محمد كامل حته أدى المؤلف محمد كامل حته الحج في الأعوام الهجرية 1371 1373 1375 1392 مسجلا ذكرياته عن هذه الحجات الأربع في كتابه "في ظلال الحرمين" موضحا أن تبقى كل حجة على الصورة التي دونها في حينه "لتكون صورة أمينة في التعبير عن انطباعاتي ودراساتي في ذلك الحين ولتبدو من خلال تتابع هذه الصور في كل رحلة حركة التاريخ وانطلاقة الحياة وتطور المجتمع على أرض المعجزات.
610 2 7 _aالمسجد الحرام
_2aucnm
610 2 7 _aالمسجد النبوي الشريف
_2aucnm
650 7 _aالحج
_2aucsh
651 7 _aالحجاز (السعودية)
_xوصف ورحلات
_2aucsh
942 _2ddc
_cBOOK
_n0
949 _aSA-JeALM
_d241211
_uosman123
_n1
999 _c3364
_d3364